Principios y aplicaciones de la energía fotovoltaica y de las baterías /

Bibliographic Details
Main Author: Vega de Kuyper, Juan Carlos (Author)
Format: Electronic eBook
Language:Spanish
Published: Santiago, Chile : Ediciones UC, [2018]
Series:Colección Textos universitarios (Ediciones Universidad Católica de Chile)
Subjects:
Online Access:Digitalia Hispánica

MARC

LEADER 00000nam a2200000Ii 4500
001 DIGUCCH0207
003 NyNyDIG
006 m o d
007 cr |||||||||||
008 250714s2018 cl a ob 000 0 spa d
035 |a (OCoLC)1108817649 
040 |a DGITA  |b eng  |e rda  |e pn  |c DGITA 
020 |a 9789561423565  |q edición digital 
020 |z 9789561423305  |q edición impresa 
050 1 4 |a TK1087 ebook 
100 1 |a Vega de Kuyper, Juan Carlos,  |e author. 
245 1 0 |a Principios y aplicaciones de la energía fotovoltaica y de las baterías /  |c Juan Carlos Vega de Kuyper. 
264 1 |a Santiago, Chile :  |b Ediciones UC,  |c [2018] 
300 |a 1 online resource :  |b illustrations. 
336 |a text  |b txt  |2 rdacontent 
337 |a computer  |b c  |2 rdamedia 
338 |a online resource  |b cr  |2 rdacarrier 
347 |a text file  |2 rdaft 
347 |b EPUB 
490 1 |a Textos universitarios 
504 |a Includes bibliographical references. 
588 0 |a Online resource; title from ePub title page (Digitalia, viewed July 14, 2025) 
650 0 |a Photovoltaic power generation. 
650 0 |a Photovoltaic cells. 
776 0 8 |i Print version:  |a Vega de Kuyper, Juan Carlos.  |t Principios y aplicaciones de la energía fotovoltaica y de las baterías.  |d Santiago, Chile : Ediciones UC, [2018]  |z 9789561423305 
791 2 |a Digitalia (Firm),  |e distributor. 
793 0 |g Digitalia eBook Collection:  |a Universidad Católica de Chile 
830 0 |a Colección Textos universitarios (Ediciones Universidad Católica de Chile) 
856 4 0 |3 Digitalia Hispánica  |u https://www.digitaliapublishing.com/a/175505/ 
910 |a Premium collection: 2025